LIBRARY & INFORMATION CENTRE, KCAET, TAVANUR

ONLINE PUBLIC ACCESS CATALOGUE (OPAC)

Public health engineering,Vol.I / (Record no. 635)

MARC details
000 -LEADER
fixed length control field 00405cam a2200157ua 4500
041 ## - LANGUAGE CODE
Language code of text/sound track or separate title eng
082 ## - DEWEY DECIMAL CLASSIFICATION NUMBER
Classification number 628.01
Item number PHE/PU
100 ## - MAIN ENTRY--AUTHOR NAME
Personal name Phelps, Earle,B .
245 ## - TITLE STATEMENT
Title Public health engineering,Vol.I /
260 ## - PUBLICATION, DISTRIBUTION, ETC. (IMPRINT)
Place of publication New York :
Name of publisher John Wiley & Sons ,
Year of publication 1957.
300 ## - PHYSICAL DESCRIPTION
Number of Pages 655 ; .
700 1# - ADDED ENTRY--PERSONAL NAME
Personal name Veiz, Clarence,J .
942 ## - ADDED ENTRY ELEMENTS (KOHA)
Koha item type Books
Holdings
Withdrawn status Lost status Damaged status Home library Current library Date acquired Full call number Accession Number Koha item type
      KAUAET KAUAET 07/04/2012 628.01 PHE/PU 3622 Books
free website counter